00688nam a22001817a 4500952016400000999001700164003000400181005001700185008004100202020001800243040000900261082002300270100002600293245008200319260004400401300000900445942005200454 00102ddc40708PUBLIC ADMINISTRATIONaMESbMEScSOCIAL SCIENCEd2021-03-09g1295.00l0o352.0070954 MAD/Pp40950r2021-03-09 00:00:00w2021-03-09yBKzGL40R1 c41094d41094OSt20210309131821.0210309b ||||| |||| 00| 0 eng d a9788131609248 coclc a352.0070954bMAD/P 98528aMaddick, Henry  aPanchayati Raj :bA Study Of Rural Local Government In India /cHenry Maddick aNew Delhi:bRawat Publications, c2018. a402p 2ddccBKh352.0070954iMAD/Pk352.0070954mMAD/P